000
00269nam a22001217a 4500
008
171123b xxu||||| |||| 00| 0 eng d
041
_a
eng
080
_2
1ST
_a
62
100
_a
26
101
_a
IM
245
_a
HANDBOOK OF FIXTURE DESIGN
_c
WILSON,F.W
942
_2
udc
_c
BK
999
_c
38396
_d
38396